Plant Physiology (Record no. 5216)

MARC details
000 -LEADER
fixed length control field 00323nam a22001457a 4500
005 - DATE AND TIME OF LATEST TRANSACTION
control field 20240208160454.0
008 - FIXED-LENGTH DATA ELEMENTS--GENERAL INFORMATION
fixed length control field 160905b xxu||||| |||| 00| 0 eng d
041 ## - LANGUAGE CODE
Language code of text/sound track or separate title eng
100 ## - MAIN ENTRY--AUTHOR NAME
Personal name Srivastava,H.S
245 ## - TITLE STATEMENT
Title Plant Physiology
260 ## - PUBLICATION, DISTRIBUTION, ETC. (IMPRINT)
Name of publisher Rastogi
Year of publication 2016
300 ## - PHYSICAL DESCRIPTION
Number of Pages 432
650 ## - SUBJECT ADDED ENTRY--TOPICAL TERM
Topical Term Agricultural
942 ## - ADDED ENTRY ELEMENTS (KOHA)
Koha item type Books
Holdings
Lost status Damaged status Collection code Home library Current library Shelving location Date acquired Source of acquisition Cost, normal purchase price Full call number Accession Number Copy number Koha item type
    Reference JRU Library JRU Library SHELF-2-C 05/09/2016 PURCHASE 255.00 572.8 21116 5 Books
      JRU Library JRU Library SHELF-46-A 05/09/2016 PURCHASE 255.00   21117 5 Books
      JRU Library JRU Library SHELF-46-A 05/09/2016 PURCHASE 255.00   21118 5 Books
      JRU Library JRU Library SHELF-15-A 05/09/2016 PURCHASE 255.00   21119 5 Books
      JRU Library JRU Library SHELF-46-A 05/09/2016 PURCHASE 255.00   21120 5 Books